00842nam a22002537a 45000010005000000030006000050050017000110080041000280200018000690400029000870500017001160820008001331000021001412450042001622600050002043000060002544900035003145050008003495200150003575210020005075210020005276500018005476500023005657612FISKH20250728093750.0250728b cb ||||| |||| 00| 0 eng d a9780395827413 aFISKHbengcFISKHdFISKH aPZ7.M51273 M a480 aMeddaugh, Susan aMartha calling /cBy Susan Meddaugh aBoston : bHoughton Mifflin Company , c1994. a32 unnumbered pages : bcolor illustrations ;c26 cm .  aMartha the Talking DogvBook 2 aM  aWhen she wins a call-in radio contest, Martha the talking dog and her family go for a vacation and manage to change the "no dogs allowed" policy.8 a540 bLexile 8 aM bRaz-Plus  aDogsvFiction aVacationsvFiction